Proceedings of the Tom Paulay Symposium "Recent Developments in Lateral Force Transfer in Buildings" : (Record no. 549971)
[ view plain ]
| 000 -LEADER | |
|---|---|
| fixed length control field | 00943nam a2200193 a 4500 |
| 082 00 - DEWEY DECIMAL CLASSIFICATION NUMBER | |
| Classification number | 624.1762 |
| Author Mark | PRO |
| 245 10 - TITLE STATEMENT | |
| Title | Proceedings of the Tom Paulay Symposium "Recent Developments in Lateral Force Transfer in Buildings" : |
| Remainder of title | September 20-22, 1993, La Jolla, California / |
| Statement of responsibility, etc. | sponsored by American Concrete Institute, Earthquake Engineering Research Institute, University of California, San Diego, |
| 260 ## - PUBLICATION, DISTRIBUTION, ETC. | |
| Place of publication, distribution, etc. | [Detroit : |
| Name of publisher, distributor, etc. | American Concrete Institute], |
| Date of publication, distribution, etc. | c1995. |
| 300 ## - PHYSICAL DESCRIPTION | |
| Extent | ix, 516 p. : |
| Other physical details | ill. ; |
| Dimensions | 28 cm. |
| 526 ## - STUDY PROGRAM INFORMATION NOTE | |
| Program name | 0 |
| Interest level | 0 |
| Reading level | 0 |
| Title point value | 624_176200000000000_PRO |
| 650 #0 - SUBJECT ADDED ENTRY--TOPICAL TERM | |
| Topical term or geographic name entry element | Buildings |
| General subdivision | Earthquake effects |
| -- | Congresses. |
| 9 (RLIN) | 42823 |
| 650 #0 - SUBJECT ADDED ENTRY--TOPICAL TERM | |
| Topical term or geographic name entry element | Earthquake resistant design |
| General subdivision | Congresses. |
| 9 (RLIN) | 46610 |
| 650 #0 - SUBJECT ADDED ENTRY--TOPICAL TERM | |
| Topical term or geographic name entry element | Lateral loads |
| General subdivision | Congresses. |
| 9 (RLIN) | 46705 |
| 650 #0 - SUBJECT ADDED ENTRY--TOPICAL TERM | |
| Topical term or geographic name entry element | MCE |
| 9 (RLIN) | 379 |
| 710 2# - ADDED ENTRY--CORPORATE NAME | |
| Corporate name or jurisdiction name as entry element | American Concrete Institute. |
| 9 (RLIN) | 37057 |
| 710 2# - ADDED ENTRY--CORPORATE NAME | |
| Corporate name or jurisdiction name as entry element | Earthquake Engineering Research Institute. |
| 9 (RLIN) | 46706 |
| 710 2# - ADDED ENTRY--CORPORATE NAME | |
| Corporate name or jurisdiction name as entry element | University of California, San Diego. |
| 9 (RLIN) | 46707 |
| 942 ## - ADDED ENTRY ELEMENTS (KOHA) | |
| Source of classification or shelving scheme | |
| Koha item type | Book |
| Withdrawn status | Lost status | Source of classification or shelving scheme | Damaged status | Not for loan | Permanent Location | Current Location | Date acquired | Total Checkouts | Full call number | Barcode | Date last seen | Price effective from | Koha item type |
|---|---|---|---|---|---|---|---|---|---|---|---|---|---|
| Military College of Engineering (MCE) | Military College of Engineering (MCE) | 10/17/2014 | 624.1762 PRO | MCE-43467 | 10/17/2014 | 10/17/2014 | Book |
